000
00341nam a2200145Ia 4500
008
230718s9999 xx 000 0 und d
041
_a
Eng.
082
_a
336.3
_b
MOG-I
100
_a
Moghissi, M
245
0
_a
Istoric Fundamentalism
260
_a
Pakistan
_b
Offered university fuse
_c
1995
300
_a
166
650
_a
Law
999
_c
26847
_d
26847